000 00614nam a2200241Ia 4500
003 OSt
005 20220918184053.0
006 a|||||r|||| 00| 0
007 ta
008 220917b |||||||| |||| 00| 0 eng d
024 _a44,290
037 _cTextual
040 _aARTS
_cARTS
_beng
041 _2eng
_aeng
082 _aO15,1L89,1, L4
100 _aVishvanath
_964432
245 0 _aSangeet raghunandam
260 _aJodhpur
_bR P P
_c1974
300 _a27, 131p.
_ccm.
650 _aENGLISH LITERATURE
942 _hO15,1L89,1, L4
_cTEXL
_2CC
999 _c174999
_d174999